000 00423nam a22001577a 4500
005 20221116123240.0
008 221116b ||||| |||| 00| 0 eng d
040 _cAACR 2
082 _a894.8141 CHA
100 _aKambara, Chandrasekara
_914244
245 _aShivarathri - Kannada Nataka
260 _aBengaluru
_bAnkitha Prakashana
_c2013
300 _a102p.
650 _aKannada Literature
_914245
942 _2ddc
_cGF
999 _c194157
_d194157